| 000 | 01811nam a2200217zu 4500 | ||
|---|---|---|---|
| 007 | ta | ||
| 008 | 241205t2024 xxk||||| ||||o00| 0 eng d | ||
| 041 | _aeng | ||
| 110 |
_aManufacturing Technology Centre _96347 |
||
| 245 | _aRAAC Playbook | ||
| 260 |
_bManufacturing Technology Centre, _cDecember 2024 |
||
| 520 | _aA draft output from the UKRI RAAC Impact Programme, led by the Manufacturing Technology Centre (MTC). It has been written by multiple authors, documenting the Research and Development conducted from a selection of the programme’s key work packages. This draft is not authoritative industry guidance but aims to collate publicly available guides for RAAC in section 1 and document the research from the programme’s work packages, including the research methodologies, conclusions and next steps in section 2. This draft document is not statutory or industry best practice, it is based on the work of the MTC and does not represent the full extent of knowledge on RAAC within the UK. The MTC is a Research and Technology Organisation (RTO) and not a structural or civil engineering organisation. The information contained within this draft document is an independent view of the ongoing situation and history of RAAC. Includes illustrations, the history of RAAC, identifying RAAC, the challenges, testing methods and assessments and remediations | ||
| 650 | _aBUILDING DEFECTS | ||
| 650 | _aCONCRETE | ||
| 650 | _aEDUCATION BUILDINGS | ||
| 650 | _aREINFORCED AUTOCLAVED AERATED CONCRETE | ||
| 651 | _aUnited Kingdom | ||
| 690 |
_96223 _aBuilding materials & defects |
||
| 710 |
_aManufacturing Technology Centre _96347 |
||
| 856 |
_uhttps://www.the-mtc.org/api/sites/default/files/2024-10/The%20RAAC%20Playbook_Draft_Final%2024.10.24.pdf _zAvailable from the MTC |
||
| 999 |
_c122068 _d122068 |
||